| 000 | 00382nam a22001457a 4500 | ||
|---|---|---|---|
| 003 | OSt | ||
| 005 | 20151009124239.0 | ||
| 008 | 151009b2015 sp ||||| |||| 00| 0 cat d | ||
| 020 | _a9788460675600 | ||
| 040 |
_bcat _cCPC Girona |
||
| 245 |
_aGirona, Temps de Flors. _b60ª Exposició de flors, monuments, patis i jardins |
||
| 260 | _aGirona, 2015 | ||
| 300 | _c22cm | ||
| 942 |
_2udc _cMON |
||
| 999 |
_c6887 _d6887 |
||